Es guatemalteco todo cubano. Conferencia inaugural

Guardado en:
書目詳細資料
主要作者: Mejía Dávila, Marco Vinicio
格式: 未知
出版: La Habana, Cuba: Centro de Estudios Martianos,
主題:
標簽: 添加標簽
沒有標簽, 成為第一個標記此記錄!

MARC

LEADER 000000000a22000000004500
001 001312
022 |a 0864-1358 
092 0 |a Anuario del Centro de Estudios Martianos 
100 1 |a Mejía Dávila, Marco Vinicio 
245 1 0 |a Es guatemalteco todo cubano. Conferencia inaugural 
260 |a La Habana, Cuba:   |b Centro de Estudios Martianos, 
500 |a "Del III Coloquio Internacional José Martí y las letras hispánicas" 
650 4 |a MARTI, JOSE, 1853-1895 
773 0 |t Anuario del Centro de Estudios Martianos 
773 0 |g número 30 (2007) 
773 0 |g 1977- 
773 0 |g 41-49 páginas 
999 |c 1829  |d 1829